| Tag |
First Indicator |
Second Indicator |
Subfields |
| LEADER |
00000cam a2200000 a 4500 |
| 001 |
in00002867521 |
| 005 |
20151202173327.0 |
| 008 |
110314s2012 njua b 001 0 eng |
| 010 |
|
|
|a 2011010955
|
| 020 |
|
|
|a 9780470618448 (cloth)
|
| 020 |
|
|
|a 0470618442 (cloth)
|
| 020 |
|
|
|a 9781118103425 (ebook)
|
| 020 |
|
|
|a 1118103424 (ebook)
|
| 020 |
|
|
|a 9781118103432 (ebook)
|
| 020 |
|
|
|a 1118103432 (ebook)
|
| 020 |
|
|
|a 9781118105320 (ebook)
|
| 020 |
|
|
|a 111810532X (ebook)
|
| 020 |
|
|
|a 9781118105337 (ebook)
|
| 020 |
|
|
|a 1118105338 (ebook)
|
| 020 |
|
|
|a 9781118105344 (ebook)
|
| 020 |
|
|
|a 1118105346 (ebook)
|
| 035 |
|
|
|a (OCoLC)ocn707842677
|
| 040 |
|
|
|a DLC
|c DLC
|d TXA
|d UtOrBLW
|
| 049 |
|
|
|a TXAM
|
| 050 |
0 |
0 |
|a NA2750
|b .E34 2012
|
| 082 |
0 |
0 |
|a 720.1/4
|2 22
|
| 090 |
|
|
|a NA2750
|b .E25 2012
|
| 100 |
1 |
|
|a Eckler, James,
|d 1982-
|
| 245 |
1 |
0 |
|a Language of space and form :
|b generative terms for architecture /
|c James Eckler.
|
| 246 |
3 |
0 |
|a Generative terms for architecture
|
| 264 |
|
1 |
|a Hoboken, N.J. :
|b John Wiley & Sons,
|c [2012]
|
| 264 |
|
4 |
|c ©2012
|
| 300 |
|
|
|a vi, 310 pages :
|b illustrations ;
|c 23 x 29 cm.
|
| 336 |
|
|
|a text
|b txt
|2 rdacontent
|
| 337 |
|
|
|a unmediated
|b n
|2 rdamedia
|
| 338 |
|
|
|a volume
|b nc
|2 rdacarrier
|
| 504 |
|
|
|a Includes bibliographical references (page 307) and index.
|
| 505 |
0 |
|
|a A note to students on the design process and the role of words -- Terms of process & generation -- Terms of organization & ordering -- Terms of operation & experience -- Terms of objects & assemblies -- Terms of representation & communication.
|
| 650 |
|
0 |
|a Architectural design
|x Terminology.
|
| 948 |
|
|
|a cataloged
|b h
|c 2013/2/13
|d c
|e dmitchel
|f 3:50:30 pm
|
| 994 |
|
|
|a C0
|b TXA
|
| 999 |
|
|
|a MARS
|
| 999 |
f |
f |
|s 2a49c20a-b0dc-30b3-a49e-7e46266ea34e
|i 7fbd6aba-6558-39c8-ad5a-8516f540b593
|t 0
|
| 952 |
f |
f |
|p normal
|a Texas A&M University
|b College Station
|c Sterling C. Evans Library
|d Evans: Library Stacks
|t 0
|e NA2750 .E25 2012
|h Library of Congress classification
|i unmediated -- volume
|m A14838077907
|
| 998 |
f |
f |
|a NA2750 .E25 2012
|t 0
|l Evans: Library Stacks
|